| 000 | 00561nam a2200181 i 4500 | ||
|---|---|---|---|
| 001 | 146608 | ||
| 003 | ES-MaACL | ||
| 005 | 20230906201614.0 | ||
| 007 | t| | ||
| 008 | 070913s1979 sp ||||1| spa d | ||
| 100 | 1 |
_aTouchard, Jean. _9111116 |
|
| 245 | 1 | 0 |
_aHistoria de las ideas políticas / _cJean Touchard ; con la colaboración de Luis Bodin [et al.] ; traducción de J. Pradera. |
| 250 | _a[3ª ed.]. | ||
| 260 |
_aMadrid : _bTecnos, _c[1979] |
||
| 300 |
_a658 p. ; _c23 cm. |
||
| 650 |
_aPolítica- _vHistoria. _9172015 |
||
| 852 |
_aES-MaACL _jC-25823 |
||
| 999 |
_c146608 _d146608 |
||